Statistics for Countries of Africa by Borders in 30 Seconds

Click here to take the quiz!

General Stats

  • This quiz has been taken 156,317 times
    (155,966 since last reset)
  • The average score is 41 of 54

Answers on the Map

Answers color-coded by a green-red scale on the quiz's map according to % correct below.
Loading ...
 

Answer Stats

Country% Correct
Libya
98%
Algeria
97%
Sudan
97%
Niger
96%
South Sudan
95%
Central African
Republic
95%
Chad
95%
Mali
95%
D. R. Congo
94%
Zambia
93%
Zimbabwe
92%
Tanzania
92%
South Africa
92%
Namibia
92%
Mauritania
92%
Botswana
92%
Burkina Faso
92%
Ethiopia
91%
Uganda
91%
Cameroon
91%
Rep. of the Congo
91%
Mozambique
90%
Angola
89%
Kenya
88%
Nigeria
87%
Egypt
87%
Rwanda
86%
Somalia
85%
Eswatini
84%
Burundi
84%
Ivory Coast
83%
Guinea
83%
Lesotho
83%
Morocco
82%
Benin
79%
Senegal
78%
Gabon
77%
Djibouti
76%
Eritrea
74%
Ghana
72%
Togo
70%
Tunisia
70%
Liberia
61%
Madagascar
55%
Sierra Leone
52%
Malawi
51%
Guinea-Bissau
45%
Gambia
38%
Equatorial
Guinea
33%
Cape Verde
19%
Sao Tome
and Principe
18%
Comoros
16%
Seychelles
15%
Mauritius
12%

Score Distribution

Percentile by Number Answered

Percent of People with Each Score

Your Score History

You have not taken this quiz since the last reset